| 000 | 00685nam a2200217Ia 4500 | ||
|---|---|---|---|
| 008 | 191130s2001##################000#0#eng## | ||
| 020 | _a9780748409037 | ||
| 022 | _a56367 | ||
| 040 |
_aACL _cACL |
||
| 082 | _a592.4 LIT | ||
| 245 |
_aInterrelationships of the Platyhelminthes _cedited by D.T.J. Littlewood, R.A. Bray |
||
| 260 |
_aLondon _bTaylor & Francis _c2001 |
||
| 300 | _axii, 356 p. : ill. ; 29 cm | ||
| 500 | _aIncludes bibliographical references (p. 302-342) and index | ||
| 650 | _aPlatyhelminthes - Phylogeny | ||
| 700 | _aBray, Rodney Alan | ||
| 700 | _aLittlewood, D. T. J | ||
| 990 | _a8a02b7e5ac10000c3ab02a2ddd41a62c | ||
| 991 | _a198678 | ||
| 999 |
_c218757 _d218757 |
||